| 000 | 00491nam a2200205Ia 4500 | ||
|---|---|---|---|
| 003 | 0100 | ||
| 008 | 130227s9999 xx 000 0 und d | ||
| 040 | _cARRUPELIB | ||
| 050 | _aLB1025.2.E5 1970 | ||
| 100 | _aEntwistle, Harold | ||
| 245 | _aChild-centred education | ||
| 260 | _aLondon | ||
| 260 | _bMethuen and Company Limited | ||
| 260 | _C1970 | ||
| 300 | _a222p. | ||
| 300 | _b 21cm. | ||
| 650 | _bCatholic church- Government | ||
| 650 | _cParish councils | ||
| 942 |
_2lcc _01 |
||
| 999 |
_c1869 _d1869 |
||